Statistics for Wrong Turn Movie Franchise

Click here to take the quiz!

General Stats

  • This quiz has been taken 18 times
  • The average score is 5 of 7

Answer Stats

HintAnswer% Correct
2003Wrong Turn
92%
2014Wrong TurnLast Resort
75%
2012Wrong TurnBloodlines
67%
2011Wrong TurnBloody Beginnings
67%
2007Wrong TurnDead End
58%
2009Wrong TurnLeft for Dead
58%
2020Wrong TurnThe Foundation
50%

Score Distribution

Percentile by Number Answered

Percent of People with Each Score

Your Score History

You have not taken this quiz